01187 a2200193 45000010006000000050017000060080041000230030015000640400040000790800022001192450046001410200022001872500012002092640059002213000019002805050536002991000031008358560127008661602720260407155453.0260407a1999 arg spa dAR-UNSa-BCEJYS aAR-UNSa-BCEJYSbspacAR-UNSa-BCEJYS a657xContabilidad10aIntroducción a la contabilidad superior a978-950-9414-69-3 a3a. ed. 1aSan Miguel de Tucumán :bEdiciones El Graduadoc1999 a332 p.c22 cm. a1. Actividad económica del hombre - 2. La empresa - 3. El marco jurídico de la actividad económica en el derecho argentino - 4. La contabilidad - 5. El patrimonio de la empresa - 6. La fuente de la información contable: los documentos comerciales - 7. Los principios contables generalmente aceptados - 8. Los métodos de registración contable - 9. Cuentas - 10. Plan de cuentas - 11. Análisis de cuentas - 12. La información contable - 13. Los modelos contables - 14. Valuación - 15. Valor de ingreso al patrimonio1 aRodríguez, Roberto Mario41uhttps://biblioeco.unsa.edu.ar/pmb/images/libros/Introduccion a al Contabilidad Superior.jpgyImagen de portadaqimage/jpeg